00387nam a2200133Ia 4500008004100000041000800041082000800049100003900057245005200096250001300148260006300161300000800224999002100232231228s2010 xx 000 0 und d aeng bBRA aBRADY (Joseph A.)/ MONK (Ellen F.) aProblem-Solving Cases Using MS Access and Excel a2nd Rep. aNew DelhibCengage Learning India Pvt. Ltd New Delhic2010 a244 c1064487d1064487